[Event "36th Reykjavik op"]
[Site "Reykjavik ISL"]
[Date "2023.04.01"]
[Round "6.71"]
[White "Sivakumar, Ashvin"]
[Black "Qiu, Andrew Yu"]
[WhiteElo "2181"]
[BlackElo "1646"]
[Result "1-0"]
[EventDate "2023.03.29"]
[PlyCount "75"]

1. d4 Nf6 2. c4 e6 3. Nf3 Bb4+ 4. Bd2 Qe7 5. Qc2 Bxd2+ 6. Nbxd2 d6 7. e4 e5 8. d5
a5 9. Be2 O-O 10. O-O Bd7 11. b3 Na6 12. a3 Nh5 13. Rfe1 Nf4 14. Bf1 c6 15. Qc3 cxd5
16. exd5 Nc5 17. b4 axb4 18. axb4 Rxa1 19. Rxa1 Na4 20. Qb3 f5 21. g3 Ng6 22. Rxa4
Bxa4 23. Qxa4 e4 24. Nd4 e3 25. N2f3 f4 26. Qc2 fxg3 27. fxg3 Ne5 28. Be2 Nxf3+ 29.
Nxf3 Qf6 30. c5 g5 31. h3 dxc5 32. bxc5 Qf5 33. Qxf5 Rxf5 34. g4 Rf6 35. Nd4 Rf2
36. c6 Rf7 37. d6 Kf8 38. c7  1-0

[Event "36th Reykjavik op"]
[Site "Reykjavik ISL"]
[Date "2023.04.01"]
[Round "6.72"]
[White "Mohota, Nisha"]
[Black "Hauksson, Helgi"]
[WhiteElo "2177"]
[BlackElo "1637"]
[Result "1/2-1/2"]
[EventDate "2023.03.29"]
[PlyCount "92"]

1. d4 Nf6 2. c4 d6 3. Nf3 g6 4. Nc3 Bg7 5. e4 O-O 6. Be2 Nc6 7. d5 Ne5 8. Nxe5 dxe5
9. h4 h5 10. Bg5 c6 11. Qd2 cxd5 12. cxd5 Re8 13. f3 Qa5 14. O-O-O Bd7 15. Kb1 Rac8
16. Rc1 Rc7 17. g4 Rec8 18. gxh5 Nxh5 19. Bxe7 Ng3 20. Rhg1 Nxe2 21. Qxe2 Qb6 22.
Rge1 Rxc3 23. Rxc3 Rxc3 24. Bd8 Qb4 25. Be7 Qxe7 26. bxc3 Qxh4 27. d6 Qd8 28. Qd3
Qa5 29. Rd1 Bf6 30. Ka1 Bd8 31. Kb2 Be6 32. c4 Qa4 33. Qb3 Qc6 34. Qb5 Qxc4 35. Qe8+
Kg7 36. Qxd8 Qxa2+ 37. Kc3 Qb3+ 38. Kd2 Qxf3 39. Qh4 Bg4 40. Rh1 Qe2+ 41. Kc3 Qe3+
42. Kb2 Qd4+ 43. Kc1 Qe3+ 44. Kb1 Qb3+ 45. Kc1 Qa3+ 46. Kb1 Qb3+  1/2-1/2

[Event "36th Reykjavik op"]
[Site "Reykjavik ISL"]
[Date "2023.04.01"]
[Round "6.73"]
[White "Eythorsson, Engilbert Vidar"]
[Black "Ruiz Buendia, Miguel"]
[WhiteElo "1442"]
[BlackElo "2172"]
[Result "0-1"]
[EventDate "2023.03.29"]
[PlyCount "70"]

1. d4 Nf6 2. c4 e6 3. Nc3 Bb4 4. Qc2 d5 5. cxd5 exd5 6. Nf3 Ne4 7. e3 O-O 8. Bd3
Re8 9. O-O Bxc3 10. bxc3 Nd7 11. c4 c6 12. cxd5 cxd5 13. Ba3 Qa5 14. Bb2 Ndf6 15.
Ne5 Bf5 16. f3 Rac8 17. Qe2 Nd6 18. Bxf5 Nxf5 19. g4 Nd6 20. g5 Nh5 21. f4 g6 22.
Ng4 Qa4 23. Nh6+ Kg7 24. Rf2 f5 25. Qf3 Ne4 26. Nxf5+ gxf5 27. Qxh5 Nxf2 28. Qh6+
Kg8 29. g6 Rc7 30. Kxf2 Qc2+ 31. Kf1 Qd3+ 32. Kg1 Qxe3+ 33. Kg2 Rc2+ 34. Kh1 Qe4+
35. Kg1 Qg2#  0-1

[Event "36th Reykjavik op"]
[Site "Reykjavik ISL"]
[Date "2023.04.01"]
[Round "6.74"]
[White "Doluhanova, Evgeniya"]
[Black "Bajoghli, Navid"]
[WhiteElo "2311"]
[BlackElo "1598"]
[Result "1-0"]
[EventDate "2023.03.29"]
[PlyCount "61"]

1. c4 Nf6 2. d3 e5 3. Nf3 Nc6 4. a3 a5 5. g3 Bc5 6. Bg2 d6 7. O-O O-O 8. Nc3 Re8
9. Rb1 e4 10. dxe4 Nxe4 11. Nxe4 Rxe4 12. b3 Bf5 13. Bb2 Re8 14. Rc1 Qd7 15. Qd2
Bh3 16. Qg5 f6 17. Bxh3 Qxh3 18. Bxf6 Qd7 19. Rc2 Bxa3 20. Ba1 Qe7 21. Qg4 Bc5 22.
Rd1 a4 23. bxa4 Rxa4 24. Bb2 b5 25. Rd5 Rxc4 26. Rxc4 bxc4 27. Bxg7 Qxe2 28. Bd4+
Kf7 29. Rf5+ Ke7 30. Bf6+ Ke6 31. Rh5+  1-0

[Event "36th Reykjavik op"]
[Site "Reykjavik ISL"]
[Date "2023.04.01"]
[Round "6.75"]
[White "Arndt, Uwe"]
[Black "Knaak, Rainer"]
[WhiteElo "1940"]
[BlackElo "2455"]
[Result "0-1"]
[EventDate "2023.03.29"]
[PlyCount "64"]

1. d4 d5 2. c4 e6 3. Nf3 Nf6 4. Bg5 h6 5. Bh4 Bb4+ 6. Nc3 dxc4 7. Bxf6 gxf6 8. Qa4+
Nc6 9. a3 Bxc3+ 10. bxc3 Qd5 11. Nd2 b5 12. e4 bxa4 13. exd5 exd5 14. Be2 Ne7 15.
Rb1 Bf5 16. Rb2 O-O 17. Kd1 Rab8 18. Kc1 Rxb2 19. Kxb2 Rb8+ 20. Ka2 Nc8 21. Bd1 Bd7
22. Bc2 Nd6 23. Re1 Rc8 24. Re7 Be6 25. Bxa4 Kf8 26. Rxe6 fxe6 27. Bd7 Rb8 28. Bxe6
Re8 29. Bg4 Re1 30. Kb2 f5 31. Bf3 Ne4 32. Nxe4 fxe4  0-1

[Event "36th Reykjavik op"]
[Site "Reykjavik ISL"]
[Date "2023.04.01"]
[Round "6.76"]
[White "Carlsson, Ludvig"]
[Black "Fuchs, Elmar"]
[WhiteElo "2375"]
[BlackElo "1973"]
[Result "1-0"]
[EventDate "2023.03.29"]
[PlyCount "61"]

1. e4 d6 2. d4 Nf6 3. Nc3 Nbd7 4. f4 e5 5. Nf3 exd4 6. Qxd4 c6 7. Bd2 d5 8. O-O-O
Bc5 9. Qd3 O-O 10. exd5 Qc7 11. Ng5 Re8 12. dxc6 bxc6 13. Qc4 Rf8 14. Bd3 a5 15.
Nce4 Nxe4 16. Bxe4 h6 17. Nxf7 Rxf7 18. Bg6 Nf8 19. Bxf7+ Qxf7 20. Qxc5 Be6 21. a3
Bf5 22. Kb1 Rb8 23. Bc3 Rb5 24. Qxc6 Qb3 25. Rd2 Ne6 26. Qe8+ Nf8 27. Rd8 Bxc2+ 28.
Kc1 Rf5 29. Qe7 Rf7 30. Rxf8+ Rxf8 31. Qxg7#  1-0

[Event "36th Reykjavik op"]
[Site "Reykjavik ISL"]
[Date "2023.04.01"]
[Round "6.77"]
[White "Dishman, Matthew"]
[Black "Domalchuk-Jonasson, Aleksandr"]
[WhiteElo "1896"]
[BlackElo "2318"]
[Result "0-1"]
[EventDate "2023.03.29"]
[PlyCount "108"]

1. e4 e5 2. Nf3 Nc6 3. Bb5 a6 4. Ba4 f5 5. d3 fxe4 6. dxe4 Nf6 7. O-O d6 8. Bxc6+
bxc6 9. Nc3 Be7 10. Qd3 Be6 11. Ng5 Bg8 12. f4 h6 13. Nh3 exf4 14. Nxf4 Bf7 15. b3
O-O 16. Bb2 Nd7 17. Nce2 Nc5 18. Qe3 Bf6 19. Bxf6 Qxf6 20. Nd3 Qe7 21. Nxc5 dxc5
22. c4 Rfe8 23. Ng3 Bg6 24. Rae1 Qe5 25. Nf5 a5 26. Qg3 Qxg3 27. Nxg3 a4 28. Re3
Red8 29. Rfe1 a3 30. Kf2 Rd2+ 31. R3e2 Rb2 32. Ke3 Kf7 33. Kd3 Rd8+ 34. Kc3 Rxe2
35. Rxe2 Rd1 36. Rd2 Rc1+ 37. Rc2 Rb1 38. Rd2 Ke6 39. Re2 Ra1 40. Rd2 Ke5 41. Rd7
Rxa2 42. Rxc7 Rxg2 43. Rxc6 a2 44. Rxc5+ Kf4 45. Ra5 Rxh2 46. Nf5 h5 47. c5 Bxf5
48. exf5 Ke5 49. Kc4 h4 50. Kb5 h3 51. Kb6 Rc2 52. c6+ Kd6 53. c7 h2 54. Rxa2 Rc6+
 0-1

[Event "36th Reykjavik op"]
[Site "Reykjavik ISL"]
[Date "2023.04.01"]
[Round "6.78"]
[White "Kreutner, Maximilian"]
[Black "Pourkashiyan, Atousa"]
[WhiteElo "1860"]
[BlackElo "2313"]
[Result "0-1"]
[EventDate "2023.03.29"]
[PlyCount "102"]

1. e4 c5 2. Nf3 e6 3. d4 cxd4 4. Nxd4 a6 5. c4 Nf6 6. Nc3 Qc7 7. a3 b6 8. Be2 Bb7
9. f3 d6 10. O-O Nbd7 11. Be3 Be7 12. Qd2 O-O 13. b4 Rfc8 14. Rac1 Qd8 15. Na4 Rab8
16. Rfd1 Ne5 17. Nb2 h5 18. Bf2 Ng6 19. Na4 Nd7 20. Qa2 Bg5 21. Rc2 Nf4 22. Bf1 Qe8
23. g3 Ng6 24. Qb3 Bd8 25. Nb2 Nde5 26. Bg2 b5 27. cxb5 axb5 28. Rxc8 Rxc8 29. Bf1
Ba6 30. Kg2 Qd7 31. Qa2 Qb7 32. a4 Qb8 33. Nxb5 d5 34. exd5 Bb7 35. Bc5 Bxd5 36.
Rxd5 exd5 37. Qxd5 Bb6 38. Nd3 Bxc5 39. Nxc5 Rd8 40. Qa2 Nc6 41. Qb2 Qe5 42. Nc3
Qe3 43. N5e4 Nge5 44. Be2 f5 45. Nf2 Rd2 46. Qb3+ Kh7 47. Qe6 Qxc3 48. Qxf5+ g6 49.
Qc8 Rxe2 50. Qc7+ Kh6 51. b5 Qxf3+  0-1

[Event "36th Reykjavik op"]
[Site "Reykjavik ISL"]
[Date "2023.04.01"]
[Round "6.79"]
[White "Wheatley, Wilfred"]
[Black "Nilsen, Tobias Lang"]
[WhiteElo "1854"]
[BlackElo "2265"]
[Result "1/2-1/2"]
[EventDate "2023.03.29"]
[PlyCount "119"]

1. e4 e6 2. d4 d5 3. Nd2 a6 4. g3 c5 5. exd5 Qxd5 6. Ngf3 cxd4 7. Bg2 d3 8. O-O Nf6
9. c3 Nbd7 10. Nd4 Qh5 11. Bf3 Qg6 12. Re1 Be7 13. Ne4 O-O 14. h4 h6 15. h5 Qh7 16.
Qxd3 Ne5 17. Nxf6+ Bxf6 18. Qxh7+ Kxh7 19. Be4+ Kg8 20. Bf4 Nd7 21. Bd6 Re8 22. Rad1
Nb6 23. b3 e5 24. Nf5 Be6 25. Ne3 a5 26. Bxb7 Ra7 27. Be4 Nc8 28. Bb8 Ra6 29. Bd3
Ra8 30. Bb5 Rf8 31. Bd6 Nxd6 32. Rxd6 e4 33. c4 Be5 34. Rdd1 Bc3 35. Re2 Rad8 36.
Rxd8 Rxd8 37. Rc2 Bb4 38. c5 Rc8 39. c6 Rc7 40. Nc4 Kf8 41. a3 Bxc4 42. Rxc4 Bxa3
43. Rxe4 Bd6 44. Kf1 Re7 45. Rd4 Bc7 46. Rd7 Rxd7 47. cxd7 Ke7 48. Ke2 Bb6 49. f4
Bc5 50. Kf3 Bb6 51. Ke4 Bf2 52. g4 Bg3 53. g5 f6 54. gxf6+ gxf6 55. Kf5 Bh2 56. Ba4
Bg3 57. Kg4 Be1 58. Kf5 Bg3 59. Ke4 Bf2 60. f5  1/2-1/2

[Event "36th Reykjavik op"]
[Site "Reykjavik ISL"]
[Date "2023.04.01"]
[Round "6.80"]
[White "Dauth, Benjamin"]
[Black "Schaefer, Kay"]
[WhiteElo "2261"]
[BlackElo "1919"]
[Result "1-0"]
[EventDate "2023.03.29"]
[PlyCount "107"]

1. e4 c5 2. c3 a6 3. d4 cxd4 4. cxd4 d5 5. e5 Bf5 6. Nc3 e6 7. Bd3 Bxd3 8. Qxd3 g6
9. f4 Ne7 10. Nf3 Bg7 11. O-O Nbc6 12. Be3 O-O 13. Rfc1 b5 14. Bf2 Qb6 15. Ne2 Rfc8
16. g4 Ra7 17. Ng3 Rac7 18. Qd2 Nd8 19. Rxc7 Qxc7 20. Ne1 f5 21. gxf5 Nxf5 22. a4
Bf8 23. Nxf5 gxf5 24. axb5 axb5 25. Nd3 Qc2 26. Qe3 Rc7 27. Rc1 Rg7+ 28. Kf1 Qa4
29. Bh4 Be7 30. Bxe7 Rxe7 31. Rc8 Qd1+ 32. Ne1 Re8 33. Qg3+ Qg4 34. Qxg4+ fxg4 35.
Kf2 Kf7 36. Kg3 h5 37. Nc2 Rg8 38. Kh4 Ke8 39. Ne3 Kd7 40. Rb8 Kc7 41. Rxb5 Nc6 42.
Nc2 Rf8 43. Kg3 Rg8 44. Rc5 Kb6 45. Rc3 Ra8 46. Rd3 Ra2 47. Rb3+ Kc7 48. Kh4 Ra8
49. Rc3 Kd7 50. Rd3 Rf8 51. Kg3 Rb8 52. b3 Ra8 53. Rc3 Ra2 54. Rxc6  1-0

[Event "36th Reykjavik op"]
[Site "Reykjavik ISL"]
[Date "2023.04.01"]
[Round "6.81"]
[White "Lindh, Fredrik"]
[Black "Dasgupta, Avyukt"]
[WhiteElo "2259"]
[BlackElo "1896"]
[Result "1/2-1/2"]
[EventDate "2023.03.29"]
[PlyCount "53"]

1. e4 e6 2. d4 d5 3. Nc3 dxe4 4. Nxe4 Bd7 5. Nf3 Bc6 6. Bd3 Nd7 7. O-O Ngf6 8. Ng3
g6 9. b3 Bg7 10. Ba3 Bf8 11. Bb2 Bg7 12. c4 O-O 13. Re1 Bxf3 14. Qxf3 c6 15. Rad1
Qc7 16. Ne4 Nxe4 17. Bxe4 Rfd8 18. Rd2 Nb6 19. Red1 Rd7 20. a4 Rad8 21. Bc3 Nc8 22.
Bc2 a5 23. Qe3 Ne7 24. g4 b5 25. Be4 b4 26. Bb2 c5 27. Ba1  1/2-1/2

[Event "36th Reykjavik op"]
[Site "Reykjavik ISL"]
[Date "2023.04.01"]
[Round "6.82"]
[White "Cederstam, Carl"]
[Black "Skarphedinsson, Ingvar Wu"]
[WhiteElo "2255"]
[BlackElo "1882"]
[Result "0-1"]
[EventDate "2023.03.29"]
[PlyCount "69"]

1. e4 e6 2. d4 d5 3. e5 c5 4. c3 Nc6 5. Nf3 Qb6 6. Bd3 cxd4 7. O-O Bd7 8. Re1 Nge7
9. h4 Rc8 10. h5 h6 11. a3 Nf5 12. b4 Be7 13. b5 Na5 14. g4 Nh4 15. Nxh4 Rxc3 16.
Be3 Rxd3 17. Qxd3 Bc5 18. Nd2 Nc4 19. Nb3 Nxe5 20. Qd1 Bxa3 21. Bxd4 Nf3+ 22. Kg2
Qd6 23. Be5 Nxe5 24. Nd4 O-O 25. Ra2 Nc4 26. f3 e5 27. Nb3 Bxb5 28. Rh1 Qf6 29. Rh3
Bc6 30. Kg1 d4 31. f4 Ne3 32. Qe2 Qxf4 33. Nd2 f5 34. Qh2 Qxh2+ 35. Rxh2  0-1

[Event "36th Reykjavik op"]
[Site "Reykjavik ISL"]
[Date "2023.04.01"]
[Round "6.83"]
[White "Halldorsson, Kristjan"]
[Black "Dieu, Bruno"]
[WhiteElo "1809"]
[BlackElo "2219"]
[Result "0-1"]
[EventDate "2023.03.29"]
[PlyCount "101"]

1. d4 d5 2. c4 e6 3. Nf3 c5 4. cxd5 exd5 5. g3 Nc6 6. Bg2 Nf6 7. O-O Be7 8. Nc3 O-O
9. Bg5 cxd4 10. Nxd4 h6 11. Be3 Re8 12. h3 Bf8 13. Qd2 Be6 14. Rfd1 Qd7 15. Kh2 Ne5
16. b3 Rac8 17. Nxe6 fxe6 18. Bd4 Nc6 19. Bxf6 gxf6 20. e4 d4 21. Qe2 Qg7 22. Na4
e5 23. Rac1 Ba3 24. Nb2 a6 25. h4 Rcd8 26. Rb1 Kh8 27. Bh3 Bb4 28. Nd3 Ba3 29. Rg1
Nb4 30. Rgd1 Re7 31. Nxb4 Bxb4 32. Qd3 Rc7 33. Rdc1 Rd6 34. Rc4 Bc3 35. Rc1 Rdc6
36. Rxc6 Rxc6 37. Rc2 b5 38. Bf5 Kg8 39. Bh3 Kf7 40. Bf5 Ke7 41. Kg2 Kd6 42. Kf1
Qc7 43. Bg4 Kc5 44. Be2 Kb4 45. Qd1 f5 46. Bd3 f4 47. gxf4 exf4 48. a4 Qg7 49. axb5
Rg6 50. Qf3 Rg1+ 51. Ke2  0-1

[Event "36th Reykjavik op"]
[Site "Reykjavik ISL"]
[Date "2023.04.01"]
[Round "6.84"]
[White "Hill, Andy"]
[Black "Rebers, Eugene"]
[WhiteElo "1802"]
[BlackElo "2213"]
[Result "0-1"]
[EventDate "2023.03.29"]
[PlyCount "100"]

1. Nf3 c5 2. c4 g6 3. e4 Bg7 4. d4 Qa5+ 5. Bd2 Qb6 6. Bc3 cxd4 7. Bxd4 Bxd4 8. Qxd4
Qxd4 9. Nxd4 Nc6 10. Nb5 Rb8 11. Nc7+ Kf8 12. Nd5 e6 13. Ne3 Nf6 14. Nc3 d6 15. Rd1
Ke7 16. Be2 a6 17. O-O g5 18. f4 gxf4 19. Rxf4 Nd7 20. Rdf1 Nde5 21. Ng4 Bd7 22.
Nxe5 Nxe5 23. a4 Rhg8 24. b3 Rg7 25. Rd1 Rbg8 26. Rf2 Bc6 27. Rd2 f5 28. exf5 Rxg2+
29. Rxg2 Rxg2+ 30. Kf1 exf5 31. h4 Rh2 32. Nd5+ Bxd5 33. Rxd5 Ke6 34. Rd4 Nc6 35.
Rd2 Ne5 36. Rd4 a5 37. h5 Rh3 38. Rd5 f4 39. Kf2 Rh2+ 40. Ke1 f3 41. Bf1 Rxh5 42.
Rb5 Rh1 43. Kf2 Rh2+ 44. Kg3 Rb2 45. Rxb7 Kf5 46. Rb5 Ke4 47. Rxa5 Rb1 48. Bh3 Rxb3
49. Rb5 Ra3 50. a5 f2+  0-1

[Event "36th Reykjavik op"]
[Site "Reykjavik ISL"]
[Date "2023.04.01"]
[Round "6.85"]
[White "Hauksdottir, Hrund"]
[Black "Cornelisse, John"]
[WhiteElo "1775"]
[BlackElo "2203"]
[Result "0-1"]
[EventDate "2023.03.29"]
[PlyCount "66"]

1. e4 c6 2. d4 d5 3. exd5 cxd5 4. c4 Nf6 5. Nf3 a6 6. b3 Nc6 7. Be2 Bf5 8. h3 e6
9. O-O Bd6 10. Be3 Ne4 11. Nfd2 Bc7 12. Nxe4 Bxe4 13. Nd2 Bg6 14. Nf3 O-O 15. Qd2
Qe7 16. cxd5 exd5 17. a3 Be4 18. b4 Qd6 19. g3 Qd7 20. Kh2 Bf5 21. Ng1 Rae8 22. Bf3
Ne7 23. Bg2 Ng6 24. Nf3 f6 25. Rac1 h5 26. Ng1 h4 27. Bxd5+ Qxd5 28. Rxc7 Bd7 29.
Ne2 Bc6 30. Rg1 hxg3+ 31. Nxg3 Nh4 32. Ne4 Nf3+ 33. Kh1 Nxg1  0-1

[Event "36th Reykjavik op"]
[Site "Reykjavik ISL"]
[Date "2023.04.01"]
[Round "6.86"]
[White "Sharma, Isha"]
[Black "Krassel, Timofei"]
[WhiteElo "2197"]
[BlackElo "1880"]
[Result "1/2-1/2"]
[EventDate "2023.03.29"]
[PlyCount "114"]

1. e4 e5 2. Nf3 Nc6 3. Bc4 Nf6 4. d3 Bc5 5. c3 O-O 6. Nbd2 d5 7. exd5 Nxd5 8. Ne4
Be7 9. O-O Bg4 10. h3 Bh5 11. a4 Nb6 12. Bb3 a5 13. Re1 Bg6 14. Be3 Qd7 15. Nc5 Bxc5
16. Bxc5 Rfe8 17. Ng5 h6 18. Ne4 Rad8 19. Ba3 Nd5 20. Nc5 Qc8 21. Qf3 Nf6 22. Bc4
Bh5 23. Qg3 Nd5 24. d4 Nb6 25. Bb5 exd4 26. Qh4 Rxe1+ 27. Rxe1 Rd5 28. cxd4 Bg6 29.
Bxc6 bxc6 30. b3 Qf5 31. Bc1 Kh7 32. Kh2 Nc8 33. Bd2 Qc2 34. Bxa5 Nd6 35. Qf4 Rf5
36. Qd2 Qxd2 37. Bxd2 Rxf2 38. Ba5 Nf5 39. Kg1 Rc2 40. Bxc7 Nxd4 41. b4 Ne6 42. Nxe6
fxe6 43. a5 Bd3 44. Rxe6 c5 45. bxc5 Rxc5 46. Re7 Kg6 47. Be5 Rxa5 48. g4 Kg5 49.
Kh2 Bg6 50. Bc3 Rc5 51. Bxg7 h5 52. Kg3 hxg4 53. hxg4 Rd5 54. Re6 Rd3+ 55. Kf2 Bh7
56. Re3 Rxe3 57. Kxe3 Kxg4  1/2-1/2

[Event "36th Reykjavik op"]
[Site "Reykjavik ISL"]
[Date "2023.04.01"]
[Round "6.87"]
[White "Kristinsson, Magnus"]
[Black "Garbuz, Vitaliy"]
[WhiteElo "1756"]
[BlackElo "2155"]
[Result "0-1"]
[EventDate "2023.03.29"]
[PlyCount "70"]

1. e4 c5 2. Nf3 Nc6 3. d4 cxd4 4. Nxd4 g6 5. Bc4 Bg7 6. Be3 Nf6 7. Nc3 Qa5 8. O-O
O-O 9. Bb3 d6 10. f3 Bd7 11. Qd2 Rfc8 12. Kh1 Ne5 13. Rfe1 Nc4 14. Bxc4 Rxc4 15.
Rad1 Rac8 16. Bg5 Rxd4 17. Qxd4 Qxg5 18. e5 Nh5 19. Ne4 Qxe5 20. Qxe5 Bxe5 21. c3
Nf4 22. g3 Ne6 23. Kg2 Bc6 24. Kf2 f5 25. Nd2 Nc5 26. Nc4 Bf6 27. Ne3 Na4 28. Re2
Bxc3 29. Nd5 Bxd5 30. Rxd5 Bf6 31. Ra5 Nxb2 32. Rb5 Nd3+ 33. Ke3 Rc3 34. Kd2 Nc5
35. a4 Nb3+  0-1

[Event "36th Reykjavik op"]
[Site "Reykjavik ISL"]
[Date "2023.04.01"]
[Round "6.88"]
[White "Kasims, Stefans"]
[Black "Ornolfsson, Magnus P."]
[WhiteElo "1753"]
[BlackElo "2153"]
[Result "0-1"]
[EventDate "2023.03.29"]
[PlyCount "80"]

1. e4 e5 2. Nf3 Nc6 3. Bc4 Bc5 4. b4 Bxb4 5. c3 Bd6 6. d4 h6 7. Qb3 Qe7 8. Nbd2 Nf6
9. O-O g5 10. Re1 b6 11. a4 O-O 12. Qc2 Bb7 13. Nf1 Nh5 14. Ne3 Qf6 15. Ng4 Qg7 16.
h4 Nf6 17. hxg5 hxg5 18. g3 exd4 19. cxd4 Rfe8 20. Bb2 Nb4 21. Qb1 Nh5 22. d5 Qg6
23. Nd4 Nf6 24. Nxf6+ Qxf6 25. Nf5 Qg6 26. Nxd6 cxd6 27. Qc1 a5 28. Qc3 Re5 29. Qd2
Re7 30. Ra3 Rae8 31. Rf3 Rxe4 32. Rxe4 Rxe4 33. Rf6 Qh5 34. Rf5 Kf8 35. Rxg5 Qf3
36. Rg8+ Kxg8 37. Qg5+ Kf8 38. Bf6 Re1+ 39. Bf1 Rxf1+ 40. Kxf1 Qd1+  0-1

[Event "36th Reykjavik op"]
[Site "Reykjavik ISL"]
[Date "2023.04.01"]
[Round "6.89"]
[White "Kracht, Raphael"]
[Black "Van Meter, Lester"]
[WhiteElo "2145"]
[BlackElo "1872"]
[Result "1-0"]
[EventDate "2023.03.29"]
[PlyCount "51"]

1. e4 c5 2. d4 cxd4 3. c3 Nf6 4. e5 Nd5 5. Nf3 Nc6 6. Bc4 e6 7. cxd4 d6 8. Qe2 Be7
9. O-O O-O 10. Re1 Nb6 11. Bb3 d5 12. Nc3 f5 13. exf6 Bxf6 14. Qd3 g6 15. Bh6 Bg7
16. Bxg7 Kxg7 17. Qe3 Nc4 18. Bxc4 dxc4 19. Rad1 Qf6 20. Ne4 Qf4 21. Qc3 Kh6 22.
Qxc4 e5 23. d5 Na5 24. Qc7 Bf5 25. Neg5 Rac8 26. Qxh7#  1-0

[Event "36th Reykjavik op"]
[Site "Reykjavik ISL"]
[Date "2023.04.01"]
[Round "6.90"]
[White "Wecker, Martin"]
[Black "Carey, Michael"]
[WhiteElo "2144"]
[BlackElo "1852"]
[Result "1-0"]
[EventDate "2023.03.29"]
[PlyCount "81"]

1. Nf3 c5 2. c4 Nf6 3. Nc3 b6 4. g3 Bb7 5. Bg2 e6 6. O-O Be7 7. Re1 d6 8. e4 a6 9.
d4 cxd4 10. Nxd4 Qc7 11. Be3 O-O 12. Rc1 Nbd7 13. f4 Rfd8 14. Bf2 Bf8 15. b3 Rac8
16. h3 Qb8 17. Qe2 Qa8 18. Bf3 Nc5 19. b4 Ncd7 20. a3 Kh8 21. e5 dxe5 22. fxe5 Ng8
23. Bxb7 Qxb7 24. Nf3 Qc7 25. Ng5 Nh6 26. Qe4 g6 27. Na4 a5 28. c5 bxc5 29. bxc5
Qc6 30. Qxc6 Rxc6 31. Rcd1 Be7 32. Nf3 Nb8 33. Nd4 Rcc8 34. Nb5 Rxd1 35. Rxd1 Rd8
36. Nd6 Nc6 37. Be3 Bxd6 38. cxd6 Nf5 39. Bg5 Rb8 40. Bf6+ Kg8 41. d7  1-0

[Event "36th Reykjavik op"]
[Site "Reykjavik ISL"]
[Date "2023.04.01"]
[Round "6.91"]
[White "Opasiak, Dustin Tennessee"]
[Black "Briem, Stephan"]
[WhiteElo "1748"]
[BlackElo "2142"]
[Result "0-1"]
[EventDate "2023.03.29"]
[PlyCount "74"]

1. Nf3 d5 2. g3 g6 3. Bg2 Bg7 4. O-O e5 5. d3 Nc6 6. e4 dxe4 7. dxe4 Qxd1 8. Rxd1
Bg4 9. c3 Nf6 10. h3 Be6 11. Re1 h6 12. g4 O-O-O 13. Nbd2 Nd7 14. Bf1 Nc5 15. Bc4
Nd3 16. Rf1 Nf4 17. Kh2 h5 18. Bxe6+ fxe6 19. g5 Rd3 20. Re1 Bf8 21. h4 Bc5 22. Kg3
Rf8 23. b4 Bb6 24. Bb2 Rd7 25. Rab1 Nd3 26. Re2 Rf4 27. Kg2 Rg4+ 28. Kf1 Nf4 29.
Re3 Bxe3 30. fxe3 Nd3 31. Ba1 b5 32. a3 Nd8 33. c4 bxc4 34. Bxe5 Nxe5 35. Nxe5 Rxd2
36. Nxg4 hxg4 37. h5 gxh5  0-1

[Event "36th Reykjavik op"]
[Site "Reykjavik ISL"]
[Date "2023.04.01"]
[Round "6.92"]
[White "Heldenbergh, Nils"]
[Black "Attinger, Roman"]
[WhiteElo "2141"]
[BlackElo "1768"]
[Result "1-0"]
[EventDate "2023.03.29"]
[PlyCount "47"]

1. e4 c6 2. d4 d5 3. e5 c5 4. dxc5 e6 5. Bd3 Nc6 6. f4 Bxc5 7. Qg4 Nge7 8. Nf3 h5
9. Qxg7 Rg8 10. Qh7 Rxg2 11. Ng5 Qb6 12. Qxf7+ Kd7 13. Rf1 Nd8 14. Qxh5 Be3 15. Nd2
Bxf4 16. Qf3 Qe3+ 17. Qxe3 Bxe3 18. Ndf3 Bxc1 19. Rxc1 Ndc6 20. h4 b6 21. Rh1 Ng8
22. Bf1 Rg4 23. Bh3 Rb4 24. Bxe6+  1-0

[Event "36th Reykjavik op"]
[Site "Reykjavik ISL"]
[Date "2023.04.01"]
[Round "6.93"]
[White "Mai, Alexander Oliver"]
[Black "Sigurthorsson, Kristinn J"]
[WhiteElo "2141"]
[BlackElo "1808"]
[Result "1-0"]
[EventDate "2023.03.29"]
[PlyCount "43"]

1. e4 d6 2. d4 Nf6 3. Nc3 c6 4. f4 g6 5. Nf3 Bg7 6. Bd3 O-O 7. O-O Nbd7 8. e5 dxe5
9. fxe5 Nd5 10. Nxd5 cxd5 11. Qe1 Nb8 12. Qh4 Nc6 13. Bh6 f6 14. c3 Qb6 15. Rf2 Bd7
16. Raf1 Nd8 17. exf6 exf6 18. Ne5 Be8 19. Ng4 f5 20. Qe7 Ne6 21. Bxg7 Nxg7 22. Nh6+
 1-0

[Event "36th Reykjavik op"]
[Site "Reykjavik ISL"]
[Date "2023.04.01"]
[Round "6.94"]
[White "Kunz, Andre"]
[Black "Agustsson, Hafsteinn"]
[WhiteElo "2140"]
[BlackElo "1762"]
[Result "1-0"]
[EventDate "2023.03.29"]
[PlyCount "48"]

1. e4 c5 2. c3 Nc6 3. Nf3 d5 4. exd5 Qxd5 5. d4 e6 6. Bd3 Nf6 7. O-O Be7 8. Be3 cxd4
9. cxd4 a6 10. Nc3 Qa5 11. a3 b5 12. Qe2 O-O 13. Bg5 Bb7 14. Ne4 Nd5 15. Nc5 Nxd4
16. Qe4 Nxf3+ 17. gxf3 Nf6 18. Qh4 h6 19. Bxf6 Bxf6 20. Nxb7 Qc7 21. Qe4 g6 22. Rac1
Qe7 23. Rc2 Rab8 24. Na5 Rfd8  1-0

[Event "36th Reykjavik op"]
[Site "Reykjavik ISL"]
[Date "2023.04.01"]
[Round "6.95"]
[White "Scotti, Martin"]
[Black "Briem, Benedikt"]
[WhiteElo "1734"]
[BlackElo "2127"]
[Result "1/2-1/2"]
[EventDate "2023.03.29"]
[PlyCount "100"]

1. d4 d5 2. c4 e6 3. Nc3 Nf6 4. Nf3 c6 5. e3 Nbd7 6. Be2 Bd6 7. O-O O-O 8. b3 b6
9. Bb2 Bb7 10. Bd3 Qe7 11. e4 dxe4 12. Nxe4 Nxe4 13. Bxe4 Nf6 14. Bc2 Ba3 15. Bc3
c5 16. Re1 Rfd8 17. d5 Bb4 18. Bxb4 cxb4 19. Qc1 Qc7 20. dxe6 fxe6 21. Ng5 Qc6 22.
Ne4 Rf8 23. Nxf6+ Rxf6 24. Be4 Qc7 25. Bxb7 Qxb7 26. f3 Raf8 27. Re4 Qd7 28. Qe1
Rg6 29. Rd1 Qc8 30. Qxb4 Rxf3 31. Qe7 Rf8 32. g3 Rgf6 33. Rd2 e5 34. Qd7 Rf1+ 35.
Kg2 R1f2+ 36. Kg1 Rf1+ 37. Kg2 R1f2+ 38. Kg1 Qc5 39. Qd5+ Qxd5 40. Rxd5 Rf1+ 41.
Kg2 R8f2+ 42. Kh3 Rh1 43. Rdxe5 Rhxh2+ 44. Kg4 h6 45. a4 Kh7 46. Rf4 Rxf4+ 47. Kxf4
Rf2+ 48. Kg4 Rf7 49. b4 Rd7 50. Re4 Rd1  1/2-1/2

[Event "36th Reykjavik op"]
[Site "Reykjavik ISL"]
[Date "2023.04.01"]
[Round "6.96"]
[White "Hnatyshyn, Anastasiia"]
[Black "Spagnoli, Benjamin"]
[WhiteElo "2114"]
[BlackElo "1744"]
[Result "1/2-1/2"]
[EventDate "2023.03.29"]
[PlyCount "48"]

1. e4 d5 2. exd5 Nf6 3. d4 Bg4 4. Nf3 Qxd5 5. Be2 Nc6 6. c4 Qd7 7. Be3 O-O-O 8. d5
Bxf3 9. Bxf3 Ne5 10. Be2 a6 11. Qd4 Nc6 12. Qc5 Nb8 13. Qa7 Qd6 14. c5 Qe5 15. Nc3
c6 16. g3 g5 17. h4 Bh6 18. O-O-O Nxd5 19. Na4 Nxe3 20. Nb6+ Kc7 21. Na8+ Kc8 22.
Nb6+ Kc7 23. Na8+ Kc8 24. Nb6+ Kc7  1/2-1/2

[Event "36th Reykjavik op"]
[Site "Reykjavik ISL"]
[Date "2023.04.01"]
[Round "6.97"]
[White "Qiu, Peter Yong"]
[Black "Skou, Niels"]
[WhiteElo "1729"]
[BlackElo "2114"]
[Result "1-0"]
[EventDate "2023.03.29"]
[PlyCount "95"]

1. e4 e5 2. Nc3 Nf6 3. g3 Bc5 4. Bg2 d6 5. Nge2 Nc6 6. d3 O-O 7. O-O a6 8. h3 Be6
9. Kh2 Nd4 10. f4 exf4 11. gxf4 g6 12. Nxd4 Bxd4 13. Ne2 Bb6 14. f5 Bd7 15. Ng3 Bd4
16. c3 Be5 17. d4 Bxg3+ 18. Kxg3 Bb5 19. Rg1 Re8 20. Re1 Nh5+ 21. Kh2 Qh4 22. Bd2
Qg3+ 23. Kg1 Re7 24. Re3 Qh4 25. Re1 Qg3 26. Re3 Qh4 27. Qg4 Qf6 28. Ree1 Qg7 29.
Re3 Rae8 30. Rae1 Nf6 31. Qg3 Nh5 32. Qg4 Bc6 33. R1e2 Nf6 34. Qh4 g5 35. Qe1 Nd7
36. Rg3 h6 37. h4 f6 38. hxg5 hxg5 39. Bh1 Kf7 40. Rh3 Rh8 41. Rxh8 Qxh8 42. Rh2
Qg7 43. Qe2 Kg8 44. Rh5 Bxe4 45. Bxe4 Qf7 46. Qh2 Qxh5 47. Qxh5 Rxe4 48. Kf2  1-0